• 首页
  • 本馆介绍
  • 公告通知
  • 最新文献
  • 馆藏检索
  • 电子资源
  • 读者导购
  • 参考咨询
  • 我的图书馆
  • 登录
  • 详细信息显示
  • 放入我的书架
  • 预约/预借图书
  • 作者相关作品
  • 分类相关作品
  • 丛书相关作品
  • 出版社相关作品

书目信息

  • 表格格式
  • 工作单格式
  • 卡片格式
题名:
中国名山观赏
    
 
作者: 田丽红 编
分册:  
出版信息: 北京   金盾出版社  2003
页数: 185页
开本: 19cm
丛书名: 中国名胜观赏丛书
单 册:
中图分类: K928.3
科图分类:
主题词: 山--简介--中国
电子资源:
ISBN: 7-5082-2691-7
000 00787oam2 2200241 45
001 002480841
005 20050104085444.5
010    @a7-5082-2691-7@dCNY9.00
100    @a20031021d2003 em y0chiy0110 ea
101 0  @achi
102    @aCN@b110000
105    @aa z 000yy
200 1  @a中国名山观赏@Azhong guo ming shan guan shang@f田丽红等编@FTian Li Hong Deng Bian
210    @a北京@c金盾出版社@d2003
215    @a185页@c照片@d19cm
225 2  @a中国名胜观赏丛书
330    @a本书选取中国各地名山55座,并以插图配合简略文字的形式,介绍了名山名胜的概貌,重点从自然景观与文化内涵的角度进行欣赏品评。
410    @12001 @a中国名胜观赏丛书
606 0  @a山@x简介@y中国
690    @aK928.3@v4
701  0 @a田丽红@4编
801  0 @aCN@bNLC@c20031225
905    @b341787-791@dK928.3@e273@f5
    
    中国名山观赏/田丽红等编.-北京:金盾出版社,2003
    185页:照片;19cm.-(中国名胜观赏丛书)
    
    
    ISBN 7-5082-2691-7:CNY9.00
    本书选取中国各地名山55座,并以插图配合简略文字的形式,介绍了名山名胜的概貌,重点从自然景观与文化内涵的角度进行欣赏品评。
●
相关链接 在E读中查询图书 在五车中查询图书 在当当中查询图书 在豆瓣中查询图书


正题名:中国名山观赏     索取号:K928.3/273         预约/预借

序号 登录号 条形码 馆藏地/架位号 状态 备注
1 0341787   203417873   第二样本阅览室/ [索取号:K928.3/273] 在馆    
2 0341788   203417882   第二借阅区/ [索取号:K928.3/273] 在馆    
3 0341789   203417891   第二借阅区/ [索取号:K928.3/273] 在馆    
4 0341790   203417908   第二借阅区/ [索取号:K928.3/273] 在馆    
5 0341791   203417917   第二借阅区/ [索取号:K928.3/273] 在馆    
唐山师范学院图书馆 欢迎您!
大连网信软件有限公司© 版权所有